| 000 | 01036nas a2200325 4500 | ||
|---|---|---|---|
| 001 | BR2012003659 | ||
| 003 | BR-BrBNA | ||
| 005 | 20231205120619.0 | ||
| 007 | ta | ||
| 008 | 230509b bl.|||p| |||| 00| 00por d | ||
| 040 |
_aBR-BrBNA _bpor _cBiblioteca Nacional de Agricultura |
||
| 041 | _a(En) | ||
| 072 | _aL74; H10 | ||
| 100 | 1 | _aFialho, L. | |
| 100 | 1 | _aRafael, A. | |
| 100 | 1 | _aCabrita, A.S. | |
| 100 | 1 | _aPereira, A.M.F. | |
| 100 | 1 | _aCapela e Silva, F. | |
| 245 | 1 | _aEffect of dithiocarbamate thiram on wistar rat growth plate and articular cartilage | |
| 246 | 1 | _aEffect of dithiocarbamate thiram on wistar rat growth plate and articular cartilage | |
| 650 | _aRATO | ||
| 650 | _aCOBAIA | ||
| 650 | _aREPELENTE | ||
| 650 | _aINTOXICAÇÃO | ||
| 650 | _aPRAGA DE PLANTA | ||
| 650 | _aSINTOMA | ||
| 773 | 0 |
_tArquivo Brasileiro de Medicina Veterinária e Zootecnia (Brazil) _xISSN 0102-0935 _g(Feb 2012), v. 64(1) p. 236-240 _wBR2012003659 |
|
| 909 |
_a202311 _bLúcia _c55 _dLúcia Elande |
||
| 942 |
_2AGRIS _n0 _cANA |
||
| 999 |
_c219388 _d219388 |
||